[Event "Titled Tuesday intern op 7th April"]
[Site "Chess.com INT"]
[Date "2020.04.07"]
[Round "8"]
[White "Erseki, Tamara"]
[Black "Lowes, Dan"]
[Result "1-0"]
[WhiteElo "1933"]
[BlackElo "2354"]
[PlyCount "75"]
[EventDate "2020.04.07"]
[EventType "swiss (blitz)"]
[EventRounds "10"]
[EventCountry "USA"]
[SourceTitle "EXT 2021"]
[Source "ChessBase"]
[SourceDate "2020.10.23"]
[SourceVersion "1"]
[SourceVersionDate "2020.10.23"]
[SourceQuality "1"]

1. d4 d5 2. Nf3 Nf6 3. e3 e6 4. Bd3 Be7 5. Nbd2 0-0 6. 0-0 c5 7. c3 Nc6 8. Qe2 b6 9. dxc5 bxc5 10. e4 Bb7 11. Re1 Re8 12. e5 Nd7 13. Nf1 g6 14. Ng3 Bf8 15. h4 Bg7 16. Bf4 Qc7 17. h5 c4 18. Bc2 Nc5 19. hxg6 hxg6 20. Qe3 Ne7 21. Bh6 Nd3 22. Bxd3 cxd3 23. Bxg7 Kxg7 24. Qg5 Ng8 25. Nh5+ Kf8 26. Nf6 Red8 27. Rad1 Ba6 28. Nd4 Rab8 29. Qxg6 fxg6 30. Nxe6+ Kf7 31. Nxc7 Nxf6 32. exf6 Bb7 33. Rxd3 Kxf6 34. Re6+ Kf7 35. Rf3+ Kg7 36. Re7+ Kg8 37. Ne6 Rd6 38. Rg7+ 1-0

[Event "Titled Tuesday intern op 7th April"]
[Site "Chess.com INT"]
[Date "2020.04.07"]
[Round "1"]
[White "Starozhilov, Leonid"]
[Black "Lowes, Dan"]
[Result "1-0"]
[WhiteElo "2318"]
[BlackElo "2353"]
[PlyCount "83"]
[EventDate "2020.04.07"]
[EventType "swiss (blitz)"]
[EventRounds "10"]
[EventCountry "USA"]
[SourceTitle "EXT 2021"]
[Source "ChessBase"]
[SourceDate "2020.10.23"]
[SourceVersion "1"]
[SourceVersionDate "2020.10.23"]
[SourceQuality "1"]

1. c4 e5 2. Nc3 e4 3. Nxe4 Nf6 4. Nxf6+ Qxf6 5. Nf3 b6 6. e4 Bb7 7. d3 c5 8. g3 Nc6 9. Bg2 g6 10. 0-0 Bg7 11. e5 Qe7 12. Bg5 Qe6 13. d4 Qxc4 14. Rc1 Qxa2 15. dxc5 0-0 16. Qxd7 Na5 17. c6 Bc8 18. Qd4 Nb3 19. Qf4 Nxc1 20. Qxc1 Be6 21. Bf6 Rac8 22. Nd4 Rfe8 23. Bxg7 Kxg7 24. Qf4 Qxb2 25. h4 h5 26. Re1 Rcd8 27. Nf3 Qc3 28. Qf6+ Kg8 29. Re3 Qc1+ 30. Kh2 Qc5 31. Ng5 Qe7 32. Qf4 Bd5 33. Bxd5 Rxd5 34. e6 f6 35. Nf7 Rf8 36. Qh6 Rxf7 37. exf7+ Qxf7 38. c7 Rc5 39. Rd3 Qxc7 40. Qxg6+ Kf8 41. Qxf6+ Ke8 42. Re3+ 1-0

[Event "Titled Tuesday intern op 4th Febr"]
[Site "Chess.com INT"]
[Date "2020.02.04"]
[Round "1"]
[White "Lowes, Dan"]
[Black "Garcia Fuentes, Sergio Miguel"]
[Result "1-0"]
[WhiteElo "2600"]
[BlackElo "2134"]
[PlyCount "95"]
[EventDate "2020.02.04"]
[EventType "swiss (blitz)"]
[EventRounds "10"]
[EventCountry "USA"]
[SourceTitle "EXT 2021"]
[Source "ChessBase"]
[SourceDate "2020.10.23"]
[SourceVersion "1"]
[SourceVersionDate "2020.10.23"]
[SourceQuality "1"]

1. e4 c5 2. Nf3 e6 3. Nc3 a6 4. d4 cxd4 5. Nxd4 Nc6 6. Be3 Nf6 7. f3 Bb4 8. Qd2 d5 9. a3 Qa5 10. Nb3 Bxc3 11. Nxa5 Bxd2+ 12. Bxd2 dxe4 13. Nxc6 bxc6 14. Bb4 exf3 15. gxf3 c5 16. Bxc5 Bb7 17. Be2 Rc8 18. b4 Nd7 19. Bd6 Rxc2 20. Rg1 g6 21. Rg5 e5 22. Bxe5 f6 23. Bd4 0-0 24. Rg2 Re8 25. Kf1 Ne5 26. Rd1 Rxe2 27. Rxe2 Bxf3 28. Bxe5 Bxe2+ 29. Kxe2 Rxe5+ 30. Kf3 a5 31. Rb1 axb4 32. axb4 Rb5 33. Ke4 f5+ 34. Kd4 Kf7 35. Kc4 Rb8 36. Kc5 Kf6 37. b5 f4 38. Kc6 g5 39. Kc7 Re8 40. b6 f3 41. b7 Re7+ 42. Kd6 Rxb7 43. Rxb7 Kf5 44. Rxh7 g4 45. Kd5 Kf4 46. Kd4 g3 47. Rh4+ Kg5 48. hxg3 1-0

[Event "Titled Tuesday intern op 4th Febr"]
[Site "Chess.com INT"]
[Date "2020.02.04"]
[Round "5"]
[White "Lowes, Dan"]
[Black "Kadric, Denis"]
[Result "0-1"]
[WhiteElo "2611"]
[BlackElo "2575"]
[PlyCount "30"]
[EventDate "2020.02.04"]
[EventType "swiss (blitz)"]
[EventRounds "10"]
[EventCountry "USA"]
[SourceTitle "EXT 2021"]
[Source "ChessBase"]
[SourceDate "2020.10.23"]
[SourceVersion "1"]
[SourceVersionDate "2020.10.23"]
[SourceQuality "1"]

1. e4 d6 2. d4 Nf6 3. Nc3 e5 4. Nf3 Nbd7 5. Bc4 Be7 6. a4 0-0 7. 0-0 c6 8. a5 h6 9. h3 Re8 10. Re1 Qc7 11. Be3 exd4 12. Nxd4 Bf8 13. Bb3 Nxe4 14. Nxe4 Rxe4 15. Bxf7+ Kxf7 0-1